01075nam a2200265Ia 4500001001200000003000800012006001900020007001500039008004100054020001500095040002100110035002100131050002300152245015900175260006100334300001500395533015200410650001400562650001400576650003000590655002900620710001700649856012600666999001700792ebr10071482CaPaEBRm u cr cn|||||||||011123s2004 dcu s 000 0 eng d z0309093058 aCaPaEBRcCaPaEBR a(OCoLC)55980199614aQH447b.S44 2004eb00aSeeking securityh[electronic resource] :bpathogens, open access, and genome databases /cCommittee on Genomics Databases for Bioterrorism Threat Agents. aWashington, D.C. :bNational Academy of Sciences,c2004. axiv, 74 p. aElectronic reproduction.bPalo Alto, Calif. :cebrary,d2009.nAvailable via World Wide Web.nAccess may be limited to ebrary affiliated libraries. 0aGenomics. 0aGenetics. 0aPhysiology, Pathological. 7aElectronic books.2local2 aebrary, Inc.40uhttp://site.ebrary.com/lib/rucke/Doc?id=10071482zAn electronic book accessible through the World Wide Web; click to view c43563d43563